000 00531nam a2200217Ia 4500
003 OSt
005 20220924135423.0
006 a|||||r|||| 00| 0
007 ta
008 220923b |||||||| |||| 00| 0 ben d
024 _a291133
037 _cTextual
040 _aARTS
_cARTS
_bben
041 _2ben
_aben
082 _aO152,1I00x, 157C4
245 0 _aVidyapati padavali
260 _c1893
650 _aHINDI LITERATURE
_923866
942 _hO152,1I00x, 157C4
_cTEXL
_2CC
999 _c440660
_d440660